| 000 | 00835cam a2200253 a 4500 | ||
|---|---|---|---|
| 001 | 000015146 | ||
| 005 | 20200929163952.0 | ||
| 008 | 810714s1981 sp a 000 0 spa | ||
| 020 | _a8427605226 | ||
| 040 |
_aDO-SdBNP _cspa _dBNPD |
||
| 050 | 0 | 0 | _aMLCS 82/2147 |
| 082 |
_annn _bG643s |
||
| 100 | 1 |
_aGonzález, Arturo. _934277 |
|
| 245 | 1 | 0 |
_aSor Patrocinio / _cArturo González, Miguel Diéguez. |
| 260 |
_aMadrid : _bNacional, _c1981. |
||
| 300 |
_a869 p. : _bil., ; _c21 cm. |
||
| 490 | 1 |
_aBiblioteca de visionarios heterodoxos y marginados _v11 |
|
| 500 | _aIncluye notas al pie de las páginas | ||
| 500 | _aIncluye notas al pie de las páginas | ||
| 700 | 1 |
_aDiéguez, Miguel _934278 |
|
| 830 | 0 |
_aBiblioteca de visionarios heterodoxos y marginados ; _v11 _98623 |
|
| 910 | _aCatalogación por copia / LC | ||
| 049 | _aBNGR | ||
| 999 |
_c14718 _d14718 |
||